| 000 | 00576nam a2200193Ia 4500 | ||
|---|---|---|---|
| 005 | 20250508151342.0 | ||
| 008 | 008 250505s9999 xx 000 0 eng d | ||
| 037 | _aTextual | ||
| 040 |
_aFEDL _beng _cFEDL |
||
| 041 |
_aeng _2eng |
||
| 084 |
_a379.153, REE _qFEDL |
||
| 100 |
_aReeves Charles Everand _9758932 |
||
| 245 | 0 | _aSchool boards: Their status, functions and activities | |
| 260 |
_aNew York, USA _bPrentice Hall _c1954 |
||
| 300 | _ax,368p. | ||
| 490 | _aPrentice-Hall education | ||
| 942 |
_cTEXL _h379.153, REE |
||
| 999 |
_c1329240 _d1329240 |
||